| 000 | 00629nam a22002177a 4500 | ||
|---|---|---|---|
| 999 |
_c5483 _d5483 |
||
| 003 | AR-CdUCM | ||
| 008 | 190312b ||||| |||| 00| 0 spa d | ||
| 040 |
_aMUNICIPALIDAD PROVINCIAL DEL CUSCO _cBIBLIOTECA MUNICIPAL DEL CUSCO |
||
| 082 |
_a869.3 / _bG92 |
||
| 100 |
_aGuiñez, Pablo _916468 |
||
| 245 | _aMiraje Solitario / | ||
| 260 |
_aSantiago : _bCasa Nacional del Niño, _c1952. |
||
| 300 |
_a58 paginas ; _c17cm. |
||
| 440 |
_aFlor Nacional _nTrecera serie _916469 |
||
| 650 |
_aPoesia _95517 |
||
| 650 |
_aLiteratura _983 |
||
| 650 |
_aChile _91150 |
||
| 650 |
_aSiglo XIX _9971 |
||
| 942 |
_2ddc _cLIBROS |
||
| 945 | _apjha | ||